ბათუმის შოთა რუსთაველის სახელმწიფო უნივერსიტეტის ბიბლიოთეკა

Металлические констукции.Спец. курс. (ბიბ.ჩანაწერი № 37458)

000 -LEADER
fixed length control field 00786nam a2200229Ia 4500
001 - CONTROL NUMBER
control field 3419
003 - CONTROL NUMBER IDENTIFIER
control field GE_BSU
008 - FIXED-LENGTH DATA ELEMENTS--GENERAL INFORMATION
fixed length control field 181216s||||||||xx |||||||||||||| ||und||
040 ## - CATALOGING SOURCE
Transcribing agency GE_BSU
080 ## - UNIVERSAL DECIMAL CLASSIFICATION NUMBER
Universal Decimal Classification number 624.014(075.8)
100 ## - MAIN ENTRY--PERSONAL NAME
Personal name Беленя,Е.И. Стрелецкий,Н.Н. Ведеников Г.С. и др.
245 ## - TITLE STATEMENT
Title Металлические констукции.Спец. курс.
245 ## - TITLE STATEMENT
Remainder of title Учеб. пособие.
245 ## - TITLE STATEMENT
Statement of responsibility, etc. Под общ. ред. Е.И.Беленя.
250 ## - EDITION STATEMENT
Edition statement 2-е изд. перепраб. и доп.
260 ## - PUBLICATION, DISTRIBUTION, ETC.
Place of publication, distribution, etc. М.
260 ## - PUBLICATION, DISTRIBUTION, ETC.
Name of publisher, distributor, etc. Стройиздат.
260 ## - PUBLICATION, DISTRIBUTION, ETC.
Date of publication, distribution, etc. 1982.
300 ## - PHYSICAL DESCRIPTION
Extent 472 стр. с илл. 27 см. Библиогр.: стр.466.
653 ## - INDEX TERM--UNCONTROLLED
Uncontrolled term Металлические констукции.
942 ## - ADDED ENTRY ELEMENTS (KOHA)
Koha item type წიგნი
ეგზემპლარები
Withdrawn status Lost status Damaged status Not for loan Date acquired Barcode Date last seen Price effective from Koha item type
        2018-12-17 10068 2018-12-17 2018-12-17 წიგნი